Непрерывность освоения компьютерных технологий - обязательное условие подготовки высококвалифицированных специалистов в области оптотехники и оптико-электронного приборостроения; Инженерное образование; № 22
| Parent link: | Инженерное образование: электронный научный журнал/ Ассоциация инженерного образования России (АИОР).— : [Б. и.], 2003-.— 1810-2883 № 22.— 2017.— [С. 252-255] |
|---|---|
| Glavni autor: | |
| Daljnji autori: | |
| Sažetak: | Заглавие с титульного листа Подготовка специалистов (инженеров) в области оптотехники и оптико-электронного приборостроения с точки зрения использования информатики и компьютерных технологий может быть разделена на три этапа: 1. Изучение общих принципов информатики и компьютерных технологий. 2. Обучение использованию этих технологий при проектировании типовых блоков оптических и оптико-электронных систем. 3. Обучение методологии использования компьютерного моделирования при системном подходе к проектированию оптико-электронной системы как единого целого. |
| Jezik: | ruski |
| Izdano: |
2017
|
| Serija: | Качество инженерного образования |
| Teme: | |
| Online pristup: | https://old.aeer.ru/files/io/m22/art_36.pdf |
| Format: | Elektronički Poglavlje knjige |
| KOHA link: | https://koha.lib.tpu.ru/cgi-bin/koha/opac-detail.pl?biblionumber=576968 |
MARC
| LEADER | 00000naa2a2200000 4500 | ||
|---|---|---|---|
| 001 | 576968 | ||
| 005 | 20250520140612.0 | ||
| 035 | |a (RuTPU)RU\TPU\prd\276132 | ||
| 035 | |a RU\TPU\prd\276131 | ||
| 090 | |a 576968 | ||
| 100 | |a 20180312a2017 k y0rusy50 ca | ||
| 101 | 0 | |a rus | |
| 102 | |a RU | ||
| 135 | |a drcn ---uucaa | ||
| 181 | 0 | |a i | |
| 182 | 0 | |a b | |
| 200 | 1 | |a Непрерывность освоения компьютерных технологий - обязательное условие подготовки высококвалифицированных специалистов в области оптотехники и оптико-электронного приборостроения |b Электронный ресурс |f И. П. Торшина, Ю. Г. Якушенков | |
| 203 | |a Текст |c электронный | ||
| 215 | |a 1 файл (397 Кб) | ||
| 225 | 1 | |a Качество инженерного образования | |
| 230 | |a Электронные текстовые данные (1 файл : 397 Кб) | ||
| 300 | |a Заглавие с титульного листа | ||
| 320 | |a [Библиогр.: с. 255 (5 назв.)] | ||
| 330 | |a Подготовка специалистов (инженеров) в области оптотехники и оптико-электронного приборостроения с точки зрения использования информатики и компьютерных технологий может быть разделена на три этапа: 1. Изучение общих принципов информатики и компьютерных технологий. 2. Обучение использованию этих технологий при проектировании типовых блоков оптических и оптико-электронных систем. 3. Обучение методологии использования компьютерного моделирования при системном подходе к проектированию оптико-электронной системы как единого целого. | ||
| 461 | 1 | |0 (RuTPU)RU\TPU\prd\176632 |x 1810-2883 |t Инженерное образование |o электронный научный журнал |f Ассоциация инженерного образования России (АИОР) |n [Б. и.] |d 2003- | |
| 463 | 1 | |0 (RuTPU)RU\TPU\prd\275926 |t № 22 |v [С. 252-255] |d 2017 | |
| 610 | 1 | |a инженерное образование | |
| 610 | 1 | |a электронный ресурс | |
| 610 | 1 | |a компьютерные технологии | |
| 610 | 1 | |a оптическое приборостроение | |
| 610 | 1 | |a оптико-электронные приборы | |
| 610 | 1 | |a информатика | |
| 610 | 1 | |a проектирование | |
| 610 | 1 | |a computer technologies | |
| 700 | 1 | |a Торшина |b И. П. | |
| 701 | 1 | |a Якушенков |b Ю. Г. | |
| 801 | 1 | |a RU |b 63413507 |c 20090623 |g PSBO | |
| 801 | 2 | |a RU |b 63413507 |c 20180312 |g PSBO | |
| 856 | 4 | |u https://old.aeer.ru/files/io/m22/art_36.pdf | |
| 942 | |c BK | ||